[Event "Nakhchivan Open 2014"]
[Site "Nakhchivan AZE"]
[Date "2014.05.08"]
[Round "5.9"]
[White "Gagunashvili, Merab"]
[Black "Gasanov, Eldar"]
[Result "1/2-1/2"]
[WhiteTitle "GM"]
[BlackTitle "GM"]
[WhiteElo "2560"]
[BlackElo "2504"]
[WhiteFideId "13601652"]
[BlackFideId "14104466"]
[EventDate "2014.05.04"]

1. d4 d5 2. c4 c6 3. Nf3 Nf6 4. Nc3 e6 5. e3 a6 6. b3 Bb4 7. Bd2 O-O 8. Bd3 Nbd7
9. O-O Qe7 10. Qc2 e5 11. dxe5 Nxe5 12. Nxe5 Qxe5 13. cxd5 cxd5 14. Ne2 Bd6 15.
Ng3 Qg5 16. Rfc1 Qh4 17. Nf1 Bd7 18. Bc3 Ng4 19. h3 Ne5 20. Be2 Nc6 21. Rd1 Be6
22. Qb2 Qg5 23. f4 Qg6 24. Bf3 Rad8 25. Bxd5 Bxh3 26. Bxg7 Bxg2 27. Bxg2 Qxg7
28. Qxg7+ Kxg7 29. Ng3 Bc5 30. Bxc6 bxc6 31. Kg2 Rfe8 32. e4 Bf8 33. Kf3 f6 34.
Rac1 c5 35. Nf5+ Kf7 36. Ke3 Ke6 37. Rxd8 Rxd8 38. Rc4 Rb8 39. Ra4 Rb6 40. Kf3
Kf7 41. Kg4 Ke6 42. Ra5 Kf7 43. Ne3 Kg6 44. f5+ Kg7 45. Nd5 Rc6 46. Nf4 Kf7 47.
Ne6 Be7 48. Ra4 Rb6 49. Nc7 Rb4 50. Rxa6 Rxe4+ 51. Kf3 Re5 52. Kf4 c4 53. bxc4
Rc5 54. Nd5 Rxc4+ 55. Kf3 Rd4 56. Nf4 Bd6 57. Ra7+ Ke8 58. Nh5 Be7 59. a4 Rd7
60. Ng7+ Kd8 61. Ne6+ Kc8 62. Ra8+ Kb7 63. Rh8 Bd6 64. Kg4 Kb6 65. Kh5 Ra7 66.
Rd8 Be5 67. Kh6 Rxa4 68. Kxh7 Kc6 69. Kg6 Rg4+ 70. Kf7 Rg2 71. Nf8 Rf2 72. Ke6
Re2 73. Rc8+ Kb5 74. Nd7 Ba1+ 75. Kf7 Rf2 76. Rc1 Bd4 77. Ke6 Re2+ 78. Kd5 Bb2
79. Rc5+ Kb4 80. Rc6 Rd2+ 81. Ke6 Re2+ 82. Kf7 Rf2 83. Rb6+ Ka5 84. Rb8 Bc3 85.
Rb3 Bd4 86. Ke6 Re2+ 87. Kd5 Ka4 88. Rb7 Rd2 89. Kc4 Ka3 90. Rb5 Ba1 91. Ra5+
Kb2 92. Nxf6 Kb1 93. Nd5 Rd4+ 94. Kc5 Rd3 95. Kd6 Rf3 96. Ke6 Rf2 97. Ra3 Bb2
98. Rd3 Bh8 99. Rh3 Bd4 100. Rh4 Re2+ 101. Kd7 Rd2 102. Ke6 Re2+ 103. Kf7 Rd2
104. Re4 Bh8 105. Nf6 Rh2 106. Kg6 Kc1 107. Ra4 Rg2+ 108. Kf7 Rg7+ 109. Ke6 Rb7
110. Nd7 Bb2 111. Rc4+ Kd2 112. Rc6 Bg7 113. Nc5 Rb1 114. Rc7 Bd4 115. Kd5 Bh8
116. Rh7 Rb8 117. Nd7 Ra8 118. Rh3 Ke2 119. f6 Bxf6 120. Nxf6 Ra5+ 121. Ke4 Ra4+
122. Ke5 Ra8 123. Nd5 Re8+ 124. Kd4 Rd8 125. Re3+ Kf2 126. Re7 Kf3 127. Kc4 Kf2
128. Nb6 Kf3 129. Nd7 Kf4 130. Kd5 Kf3 131. Kd4 Ra8 132. Ne5+ Ke2 133. Nd3+ Kd2
134. Nc5 Rd8+ 135. Kc4 Rc8 136. Re5 Rc7 137. Kd4 Rc8 138. Ne4+ Kc2 139. Nd6 Rd8
140. Re2+ Kb3 141. Kc5 Rh8 142. Re3+ Kc2 143. Kc4 Kd2 144. Kd4 Rd8 145. Re6 Rd7
146. Rh6 Ke2 147. Ke4 1/2-1/2

[Event "Nakhchivan Open 2014"]
[Site "Nakhchivan AZE"]
[Date "2014.05.08"]
[Round "5.10"]
[White "Rasulov, Vugar"]
[Black "Dastan, Muhammed Batuhan"]
[Result "1-0"]
[WhiteTitle "GM"]
[BlackTitle "IM"]
[WhiteElo "2512"]
[BlackElo "2439"]
[WhiteFideId "13402390"]
[BlackFideId "6300014"]
[EventDate "2014.05.04"]

1. e4 e5 2. Nf3 Nc6 3. Bb5 a6 4. Ba4 Nf6 5. O-O Be7 6. Re1 b5 7. Bb3 d6 8. h3
Na5 9. c3 Nxb3 10. axb3 Bb7 11. d3 O-O 12. Nbd2 Nd7 13. b4 f5 14. Nf1 Kh8 15. b3
Qe8 16. c4 Qg6 17. Qe2 c5 18. Bd2 f4 19. Ra2 Qe6 20. Rea1 g5 21. Ne1 Nf6 22.
bxc5 dxc5 23. cxb5 axb5 24. Ra7 Rab8 25. Bc3 Bd6 26. Nd2 Rg8 27. R1a5 Bc8 28.
Ndf3 g4 29. hxg4 Nxg4 30. Qc2 Rb6 31. Ra8 Bb8 32. Bb2 Bd6 33. R5a7 Bb7 34. Rxg8+
Kxg8 35. Qd1 Be7 36. Qa1 Bf6 37. Rxb7 Ra6 38. Qc1 1-0

[Event "Nakhchivan Open 2014"]
[Site "Nakhchivan AZE"]
[Date "2014.05.08"]
[Round "5.11"]
[White "Iskandarov, Misratdin"]
[Black "Ahmadinia, Ebrahim"]
[Result "1-0"]
[WhiteTitle "IM"]
[BlackTitle "IM"]
[WhiteElo "2403"]
[BlackElo "2371"]
[WhiteFideId "13400312"]
[BlackFideId "12501891"]
[EventDate "2014.05.04"]

1. e4 d6 2. d4 Nf6 3. Nc3 g6 4. f3 c6 5. Bg5 Nbd7 6. Qd2 b5 7. O-O-O b4 8. Nce2
Qa5 9. Kb1 Bg7 10. Nc1 Rb8 11. g4 h6 12. Bf4 Qc7 13. Nge2 a5 14. h4 Nb6 15. Ng3
Be6 16. Re1 Nfd7 17. Rg1 Bc4 18. e5 dxe5 19. dxe5 e6 20. Ne4 Bxf1 21. Rgxf1 Nc4
22. Qd4 Ncxe5 23. Nd6+ Ke7 24. Nc4 Rb5 25. Nd3 Rd5 26. Qg1 Rb8 27. Re4 Rbb5 28.
Rfe1 g5 29. hxg5 hxg5 30. Bxg5+ f6 31. Ncxe5 Nxe5 32. Nxe5 fxg5 33. Ng6+ Kf7 34.
Rxe6 Bf6 35. Qh1 Rd1+ 36. Rxd1 Kxe6 37. Nf8+ 1-0

[Event "Nakhchivan Open 2014"]
[Site "Nakhchivan AZE"]
[Date "2014.05.08"]
[Round "5.12"]
[White "Asgarizadeh, Ahmad"]
[Black "Mammadov, Zaur"]
[Result "0-1"]
[BlackTitle "IM"]
[WhiteElo "2320"]
[BlackElo "2453"]
[WhiteFideId "12505684"]
[BlackFideId "13401033"]
[EventDate "2014.05.04"]

1. e4 e6 2. d4 d5 3. Nc3 Bb4 4. e5 c5 5. a3 Ba5 6. b4 cxd4 7. Qg4 Ne7 8. bxa5
dxc3 9. Qxg7 Rg8 10. Qxh7 Nbc6 11. f4 Qxa5 12. Rb1 b6 13. Nf3 Ba6 14. Ng5 Rf8
15. Qh3 Nd4 16. Bd3 Qa4 17. O-O Bxd3 18. cxd3 Kd7 19. Be3 Ne2+ 20. Kh1 Nf5 21.
Rbe1 Rh8 22. Nh7 Qc2 23. Rf2 Qxd3 24. Rfxe2 Rxh7 0-1

[Event "Nakhchivan Open 2014"]
[Site "Nakhchivan AZE"]
[Date "2014.05.09"]
[Round "6.2"]
[White "Savchenko, Boris"]
[Black "Shimanov, Aleksandr"]
[Result "1/2-1/2"]
[WhiteTitle "GM"]
[BlackTitle "GM"]
[WhiteElo "2559"]
[BlackElo "2636"]
[WhiteFideId "4147332"]
[BlackFideId "4198603"]
[EventDate "2014.05.04"]

1. e4 e6 2. d4 d5 3. Nc3 Nf6 4. e5 Nfd7 5. f4 c5 6. Nf3 Nc6 7. Be3 cxd4 8. Nxd4
Qb6 9. Qd2 Qxb2 10. Rb1 Qa3 11. Bb5 Nxd4 12. Bxd4 a6 13. Bxd7+ Bxd7 14. Rb3 Qe7
15. Rxb7 Qd8 16. Bb6 Qc8 17. Rc7 Qd8 18. Qd4 Ba3 19. f5 O-O 20. f6 gxf6 21. O-O
Kh8 22. Rxf6 Rb8 23. Nxd5 Rxb6 24. Nxb6 Qxc7 25. Nxd7 Qxc2 26. Rf2 Qc1+ 27. Rf1
Qc6 28. g3 Rd8 29. Rxf7 Kg8 30. Qg4+ Kxf7 31. Qh5+ Kg7 32. Qg5+ Kf7 33. Qh5+ Kg7
34. Qg5+ Kf7 35. Qh5+ 1/2-1/2

[Event "Nakhchivan Open 2014"]
[Site "Nakhchivan AZE"]
[Date "2014.05.09"]
[Round "6.3"]
[White "Guseinov, Gadir"]
[Black "Korneev, Oleg"]
[Result "1-0"]
[WhiteTitle "GM"]
[BlackTitle "GM"]
[WhiteElo "2621"]
[BlackElo "2618"]
[WhiteFideId "13401378"]
[BlackFideId "4156803"]
[EventDate "2014.05.04"]

1. e4 c5 2. Nf3 e6 3. Nc3 a6 4. d4 cxd4 5. Nxd4 Qc7 6. Bd3 Nc6 7. Nxc6 dxc6 8.
O-O e5 9. f4 Nf6 10. Kh1 Bd6 11. f5 Bc5 12. a4 a5 13. Qf3 b6 14. Qg3 Rg8 15. Bg5
Qe7 16. Rad1 h6 17. Be3 Bxe3 18. Qxe3 Qc5 19. Qxc5 bxc5 20. Nb1 Kd7 21. Nd2 Kc7
22. Kg1 Re8 23. b3 Re7 24. g3 Ne8 25. Kf2 f6 26. Ke3 Nd6 27. g4 Bd7 28. h4 Rh8
29. Nc4 Nxc4+ 30. Bxc4 Be8 31. Rd3 Rd7 32. Be6 Rxd3+ 33. Kxd3 Bd7 34. Bxd7 Rd8
35. g5 Rxd7+ 36. Ke3 hxg5 37. hxg5 c4 38. bxc4 fxg5 39. c5 Rd4 40. Rg1 Rxa4 41.
Rxg5 Rc4 42. Rxg7+ Kd8 43. Kf3 Rxc2 44. f6 Ke8 45. Re7+ Kf8 46. Kg4 Rf2 47. Kg5
a4 48. Ra7 a3 49. Rxa3 Kf7 50. Ra7+ 1-0

[Event "Nakhchivan Open 2014"]
[Site "Nakhchivan AZE"]
[Date "2014.05.09"]
[Round "6.5"]
[White "Mamedov, Rauf"]
[Black "Paichadze, Luka"]
[Result "1-0"]
[WhiteTitle "GM"]
[BlackTitle "GM"]
[WhiteElo "2660"]
[BlackElo "2535"]
[WhiteFideId "13401653"]
[BlackFideId "13602934"]
[EventDate "2014.05.04"]

1. e4 c6 2. Nc3 d5 3. Nf3 dxe4 4. Nxe4 Nf6 5. Qe2 Nxe4 6. Qxe4 Qd5 7. Qf4 Qf5 8.
Qe3 Qe6 9. b3 Qxe3+ 10. fxe3 Bf5 11. Bb2 Nd7 12. O-O-O e6 13. Be2 Be7 14. Rhg1
Bf6 15. d4 h5 16. Nd2 Bg5 17. Nc4 Nb6 18. Nd6+ Kd7 19. Nxf7 Bxe3+ 20. Kb1 Bxg1
21. Rxg1 Nd5 22. Nxh8 Rxh8 23. Kc1 Bg4 24. Kd2 Bxe2 25. Kxe2 Nf4+ 26. Kd2 Rf8
27. c4 g5 28. Ke3 Rf7 29. Bc3 Ng6 30. Bd2 g4 31. a4 Nh4 32. Be1 Nf5+ 33. Kd3 Ke8
34. Ke4 Nd6+ 35. Ke3 Nf5+ 36. Ke4 Nd6+ 37. Kd3 Nf5 38. Bf2 Ne7 39. Be3 Nf5 40.
Bf2 Ne7 41. Bg3 Kd7 42. Ke2 Ng6 43. Bb8 a6 44. h3 Rf8 45. Bh2 Nh4 46. hxg4 hxg4
47. Be5 Rf7 48. a5 Ng6 49. Bg3 e5 50. dxe5 Nxe5 51. Rd1+ Ke6 52. Rd4 Re7 53.
Bxe5 Kf5 54. Rf4+ Kg5 55. Re4 Kf5 56. Rf4+ Kg5 57. Re4 Kf5 58. Ke3 Rxe5 59.
Rxe5+ Kxe5 60. c5 Kd5 61. Kf4 Kxc5 62. Kxg4 b5 63. axb6 Kxb6 64. Kf4 c5 65. g4
a5 66. g5 c4 67. g6 cxb3 68. g7 1-0

[Event "Nakhchivan Open 2014"]
[Site "Nakhchivan AZE"]
[Date "2014.05.09"]
[Round "6.6"]
[White "Shanava, Konstantine"]
[Black "Rasulov, Vugar"]
[Result "1/2-1/2"]
[WhiteTitle "GM"]
[BlackTitle "GM"]
[WhiteElo "2551"]
[BlackElo "2512"]
[WhiteFideId "13601784"]
[BlackFideId "13402390"]
[EventDate "2014.05.04"]

1. e4 c5 2. Nc3 d6 3. f4 a6 4. Nf3 Nc6 5. h3 g6 6. d3 Bg7 7. g4 e6 8. Bg2 Nge7
9. O-O f5 10. Ne2 O-O 11. Ng3 Bd7 12. c3 b5 13. gxf5 exf5 14. Qb3+ c4 15. dxc4
Be6 16. Re1 Bxc4 17. Qc2 fxe4 18. Qxe4 Kh8 19. Ng5 d5 20. Qc2 d4 21. Ne6 Bxe6
22. Rxe6 Rc8 23. Qe4 dxc3 24. bxc3 Bxc3 25. Rb1 Rf6 26. Rxf6 Bxf6 27. Kh2 Qg8
28. Bb2 Bxb2 29. Rxb2 Qc4 30. Rc2 Qxe4 31. Bxe4 Kg7 32. f5 Nd4 33. Rxc8 Nxc8 34.
fxg6 hxg6 35. Bb7 Nd6 36. Bxa6 Nc6 37. h4 Kh6 38. Kh3 Ne7 39. Ne2 Nd5 40. Nd4
Nc7 41. Bxb5 Ncxb5 42. Nxb5 Nxb5 43. a4 Nd4 44. a5 Kh5 45. a6 1/2-1/2

[Event "Nakhchivan Open 2014"]
[Site "Nakhchivan AZE"]
[Date "2014.05.09"]
[Round "6.7"]
[White "Gasanov, Eldar"]
[Black "Khismatullin, Denis"]
[Result "0-1"]
[WhiteTitle "GM"]
[BlackTitle "GM"]
[WhiteElo "2504"]
[BlackElo "2682"]
[WhiteFideId "14104466"]
[BlackFideId "4142578"]
[EventDate "2014.05.04"]

1. d4 Nf6 2. Bg5 e6 3. Nd2 c5 4. e3 cxd4 5. exd4 Be7 6. c3 b6 7. Ngf3 O-O 8. a4
Nc6 9. Bd3 Bb7 10. O-O Nd5 11. Bxe7 Ncxe7 12. Re1 a6 13. Qb3 Qc7 14. Qa3 d6 15.
c4 Nf4 16. Bf1 a5 17. Rac1 Rac8 18. Qe3 Nh5 19. Bd3 Nf6 20. Nb1 Bxf3 21. Qxf3 d5
22. Na3 Qd7 23. Nb5 dxc4 24. Bxc4 Rfd8 25. b3 Nf5 26. Rcd1 Nd6 27. Nxd6 Qxd6 28.
g3 h6 29. Rd3 Qb4 30. Re5 Rd6 31. d5 Qc5 32. g4 Rcd8 33. g5 hxg5 34. Rxg5 exd5
35. Qg2 dxc4 36. Rxc5 Rxd3 0-1

[Event "Nakhchivan Open 2014"]
[Site "Nakhchivan AZE"]
[Date "2014.05.09"]
[Round "6.8"]
[White "Sanal, Vahap"]
[Black "Smirnov, Pavel"]
[Result "1-0"]
[WhiteTitle "IM"]
[BlackTitle "GM"]
[WhiteElo "2435"]
[BlackElo "2626"]
[WhiteFideId "6300545"]
[BlackFideId "4123425"]
[EventDate "2014.05.04"]

1. e4 c6 2. d4 d5 3. exd5 cxd5 4. c4 Nf6 5. Nc3 Nc6 6. Bg5 Be6 7. Bxf6 exf6 8.
c5 a6 9. g3 b6 10. b4 Be7 11. Bg2 O-O 12. a3 a5 13. b5 Nxd4 14. Qxd4 bxc5 15.
Qd3 c4 16. Qd4 Rc8 17. Bxd5 Bc5 18. Qd2 Bxd5 19. Qxd5 Qb6 20. Qf3 Bd4 21. Nge2
Bxc3+ 22. Nxc3 Rcd8 23. Rd1 Qe6+ 24. Qe2 Qh3 25. Rxd8 Rxd8 26. Qe7 Rc8 27. Ke2
Qh5+ 28. f3 h6 29. b6 Rc5 30. Kf2 1-0

[Event "Nakhchivan Open 2014"]
[Site "Nakhchivan AZE"]
[Date "2014.05.09"]
[Round "6.9"]
[White "Iskandarov, Misratdin"]
[Black "Gagunashvili, Merab"]
[Result "0-1"]
[WhiteTitle "IM"]
[BlackTitle "GM"]
[WhiteElo "2403"]
[BlackElo "2560"]
[WhiteFideId "13400312"]
[BlackFideId "13601652"]
[EventDate "2014.05.04"]

1. e4 d6 2. d4 Nf6 3. Nc3 g6 4. f4 Bg7 5. Nf3 O-O 6. Bd3 Na6 7. e5 Nd7 8. Qe2 c5
9. d5 Nb4 10. Be4 dxe5 11. a3 f5 12. axb4 cxb4 13. Bd3 bxc3 14. fxe5 Qc7 15. Bf4
Nb6 16. Ra5 cxb2 17. Kf2 Nxd5 18. Rxd5 Qb6+ 19. Be3 b1=Q 20. Rxb1 Qxb1 21. Bc4
Kh8 22. Rb5 Qa1 23. Bd4 Qa4 24. Qd3 Bd7 25. Rxb7 Qc6 26. Rb1 Be6 27. Bb5 Qe4 28.
Qd2 Rac8 29. Bd3 Qc6 30. c3 Bd5 31. Ra1 Bxf3 32. gxf3 Rc7 33. h4 Qd5 34. Qe3 a5
35. h5 gxh5 36. Rh1 e6 37. Rxh5 a4 38. Rh1 a3 39. Ra1 a2 40. Qe2 Ra8 41. Qe3 Bf8
42. c4 Qxd4 0-1

[Event "Nakhchivan Open 2014"]
[Site "Nakhchivan AZE"]
[Date "2014.05.09"]
[Round "6.10"]
[White "Mammadov, Zaur"]
[Black "Guliev, Logman"]
[Result "1-0"]
[WhiteTitle "IM"]
[BlackTitle "IM"]
[WhiteElo "2453"]
[BlackElo "2386"]
[WhiteFideId "13401033"]
[BlackFideId "13400061"]
[EventDate "2014.05.04"]

1. e4 c5 2. c3 d5 3. exd5 Qxd5 4. d4 Nf6 5. Nf3 e6 6. Na3 Qd8 7. Nc4 Nc6 8. Be3
Nd5 9. Bd3 cxd4 10. Nxd4 Nxe3 11. fxe3 Qh4+ 12. g3 Qg5 13. Nb5 Qd8 14. O-O Be7
15. Qh5 g6 16. Qh6 Bf8 17. Qf4 f5 18. Rad1 Rb8 19. Bxf5 Qf6 20. Nc7+ 1-0

[Event "Nakhchivan Open 2014"]
[Site "Nakhchivan AZE"]
[Date "2014.05.09"]
[Round "6.11"]
[White "Aghayev, Nijat"]
[Black "Zhukova, Natalia"]
[Result "1/2-1/2"]
[WhiteTitle "IM"]
[BlackTitle "GM"]
[WhiteElo "2407"]
[BlackElo "2459"]
[WhiteFideId "13402048"]
[BlackFideId "14101513"]
[EventDate "2014.05.04"]

1. Nf3 d5 2. c4 d4 3. g3 Nc6 4. Bg2 e5 5. O-O Nf6 6. d3 Nd7 7. e3 Be7 8. exd4
exd4 9. Nbd2 Nc5 10. Ne4 Ne6 11. Re1 O-O 12. a3 a5 13. Rb1 a4 14. Qc2 Kh8 15. b4
axb3 16. Rxb3 f5 17. Ned2 Bf6 18. Rb5 Ne7 19. Ne5 c6 20. Rb1 Qc7 21. f4 g5 22.
Ndf3 g4 23. Nd2 h5 24. Nb3 c5 25. Bd5 Ra6 26. Qg2 Kg7 27. Bd2 Nd8 1/2-1/2

[Event "Nakhchivan Open 2014"]
[Site "Nakhchivan AZE"]
[Date "2014.05.09"]
[Round "6.12"]
[White "Pantsulaia, Levan"]
[Black "Sevdimaliyev, Urfan Adil"]
[Result "1/2-1/2"]
[WhiteTitle "GM"]
[BlackTitle "FM"]
[WhiteElo "2573"]
[BlackElo "2354"]
[WhiteFideId "13602071"]
[BlackFideId "13402463"]
[EventDate "2014.05.04"]

1. Nf3 Nf6 2. g3 g6 3. b3 Bg7 4. Bb2 O-O 5. Bg2 d5 6. c4 c6 7. d3 Bg4 8. Nbd2
Nbd7 9. O-O Re8 10. h3 Bxf3 11. Nxf3 e5 12. cxd5 cxd5 13. Rc1 Qb6 14. e3 Bh6 15.
Rc2 a5 16. Qa1 a4 17. Nxe5 axb3 18. Nxd7 Nxd7 19. Bd4 Qd6 20. Rb2 bxa2 21. Rxa2
Rac8 22. Rb2 Nc5 23. Qa3 b6 24. Rfb1 Rb8 25. Qa7 Nd7 26. Qa2 Ra8 27. Qxd5 Qxd5
28. Bxd5 Rac8 29. Bxb6 Nxb6 30. Rxb6 Re7 31. Rb7 Rec7 32. f4 Bf8 33. Kf2 h5 34.
g4 h4 35. g5 Be7 36. Kf3 Kf8 37. Bc4 1/2-1/2

[Event "Nakhchivan Open 2014"]
[Site "Nakhchivan AZE"]
[Date "2014.05.10"]
[Round "7.1"]
[White "Savchenko, Boris"]
[Black "Mamedov, Rauf"]
[Result "1/2-1/2"]
[WhiteTitle "GM"]
[BlackTitle "GM"]
[WhiteElo "2559"]
[BlackElo "2660"]
[WhiteFideId "4147332"]
[BlackFideId "13401653"]
[EventDate "2014.05.04"]

1. e4 c5 2. Nf3 Nc6 3. c3 Nf6 4. e5 Nd5 5. Bc4 Nb6 6. Bb3 c4 7. Bc2 Qc7 8. O-O
Nxe5 9. Nxe5 Qxe5 10. a4 e6 11. a5 Nd5 12. d3 cxd3 13. Qxd3 Nf4 14. Bxf4 Qxf4
15. Na3 Be7 16. Rfd1 g6 17. g3 Qb8 18. Nb5 d5 19. c4 O-O 20. cxd5 exd5 21. Nc3
Be6 22. Nxd5 Bxd5 23. Qxd5 Rd8 24. Qb5 Qc7 25. Be4 Rab8 26. Bd5 Bc5 27. b4 Bf8
28. Rac1 Qe7 29. Qc4 Qxb4 30. Bxf7+ Kh8 31. Rxd8 Rxd8 32. Qc7 Qe7 33. Qxe7 Bxe7
34. Rc7 Bb4 35. Rxb7 Bxa5 36. Rxa7 Bb6 37. Rb7 Bc5 38. Rc7 Bb6 39. Rc6 Bxf2+ 40.
Kxf2 1/2-1/2

[Event "Nakhchivan Open 2014"]
[Site "Nakhchivan AZE"]
[Date "2014.05.10"]
[Round "7.3"]
[White "Shimanov, Aleksandr"]
[Black "Nigalidze, Gaioz"]
[Result "1/2-1/2"]
[WhiteTitle "GM"]
[BlackTitle "IM"]
[WhiteElo "2636"]
[BlackElo "2536"]
[WhiteFideId "4198603"]
[BlackFideId "13603078"]
[EventDate "2014.05.04"]

1. d4 Nf6 2. Nf3 e6 3. g3 d5 4. c4 Bb4+ 5. Bd2 Be7 6. Bg2 O-O 7. O-O dxc4 8. Qa4
c5 9. dxc5 Nbd7 10. Qxc4 Nxc5 11. Bb4 b6 12. Bxc5 Bxc5 13. Ne5 Nd5 14. Nc3 Bb7
15. Nxd5 Bxd5 16. Bxd5 exd5 17. Qd3 Re8 18. Nf3 Qf6 19. Rab1 Qe7 20. e3 Qe4 21.
Qd1 Be7 22. Nd2 Qf5 23. Qf3 Qc2 24. Nb3 Qe4 25. Qxe4 dxe4 26. Rfc1 Bf6 27. Rc2
Rad8 28. Nd2 g6 29. Kf1 Bg7 30. Ke2 f5 31. Rc7 Rd5 32. Rc2 Red8 33. Rbc1 Kf7 34.
Rc7+ R8d7 35. Rxd7+ Rxd7 36. b3 Ke7 37. Rc8 Rd8 38. Rc7+ Rd7 39. Rc8 Rd8 40.
Rc7+ Rd7 41. Rc8 1/2-1/2

[Event "Nakhchivan Open 2014"]
[Site "Nakhchivan AZE"]
[Date "2014.05.10"]
[Round "7.5"]
[White "Khismatullin, Denis"]
[Black "Mammadov, Zaur"]
[Result "1/2-1/2"]
[WhiteTitle "GM"]
[BlackTitle "IM"]
[WhiteElo "2682"]
[BlackElo "2453"]
[WhiteFideId "4142578"]
[BlackFideId "13401033"]
[EventDate "2014.05.04"]

1. c4 c6 2. e4 d5 3. exd5 cxd5 4. cxd5 Nf6 5. Qa4+ Nbd7 6. Nc3 g6 7. Nf3 Bg7 8.
Bc4 O-O 9. d3 a6 10. Qa3 b6 11. O-O Bb7 12. Re1 b5 13. Bb3 Re8 14. Ng5 Nb6 15.
d6 e6 16. Qb4 a5 17. Qxb5 Qxd6 18. Nce4 Nxe4 19. Nxe4 Qc6 20. Qg5 a4 21. Bd1 f5
22. Nd2 Qb5 23. Bf3 Bxf3 24. Nxf3 a3 25. d4 axb2 26. Bxb2 Qxb2 27. Rab1 Qxa2 28.
Rxb6 Rab8 29. Rxb8 Rxb8 30. h4 Rb1 31. Rxb1 Qxb1+ 32. Kh2 Bf8 33. Qd8 Qb4 34.
Qc8 Qd6+ 35. g3 Kf7 36. Ng5+ Ke7 37. Qb7+ Qd7 38. Qb8 Bh6 39. Nf3 Qd8 40. Qa7+
Qd7 41. Qb8 Qd8 42. Qe5 Qd5 43. Qc7+ Qd7 44. Qc5+ Qd6 45. Qa7+ 1/2-1/2

[Event "Nakhchivan Open 2014"]
[Site "Nakhchivan AZE"]
[Date "2014.05.10"]
[Round "7.6"]
[White "Korneev, Oleg"]
[Black "Sanal, Vahap"]
[Result "0-1"]
[WhiteTitle "GM"]
[BlackTitle "IM"]
[WhiteElo "2618"]
[BlackElo "2435"]
[WhiteFideId "4156803"]
[BlackFideId "6300545"]
[EventDate "2014.05.04"]

1. e4 e5 2. Nf3 Nc6 3. Bb5 a6 4. Ba4 Nf6 5. O-O Be7 6. Re1 b5 7. Bb3 O-O 8. c3
d5 9. d4 exd4 10. e5 Ne4 11. cxd4 Bf5 12. Nbd2 Nb4 13. Nf1 c5 14. a3 Nc6 15. Ng3
Nxg3 16. hxg3 c4 17. Bc2 Qd7 18. Bg5 Bxc2 19. Qxc2 Nxd4 20. Nxd4 Bxg5 21. Rad1
g6 22. f4 Bd8 23. f5 Bb6 24. g4 Rfe8 25. Kh1 Qc7 26. Qe2 Ba5 27. f6 Bxe1 28.
Rxe1 Rac8 29. Qe3 Qc5 30. Qf4 c3 31. bxc3 Qxc3 32. Rf1 Qxa3 33. e6 Qf8 34. Qg5
h6 35. Qf4 Rxe6 36. Nxe6 fxe6 37. Qe5 Kf7 38. g5 hxg5 39. Qxg5 Qh8+ 40. Kg1 Rc4
41. Qe3 Rc7 42. Qf4 Rd7 43. Rf3 d4 44. Rh3 Qg8 45. Qf3 Rd5 46. Qf4 e5 47. Qh2 d3
48. Rh7+ Kxf6 49. Qh4+ g5 50. Qh6+ Kf5 51. Rg7 Qxg7 52. Qxg7 d2 53. Qf7+ Ke4 54.
Qf3+ Kd4 55. Kf2 Kc5 56. Qd1 Kb6 57. Ke2 Rd4 58. g4 a5 59. Ke3 a4 60. Qc2 d1=Q 0-1

[Event "Nakhchivan Open 2014"]
[Site "Nakhchivan AZE"]
[Date "2014.05.10"]
[Round "7.7"]
[White "Abdulov, Orkhan"]
[Black "Rasulov, Vugar"]
[Result "1/2-1/2"]
[WhiteTitle "IM"]
[BlackTitle "GM"]
[WhiteElo "2336"]
[BlackElo "2512"]
[WhiteFideId "13402714"]
[BlackFideId "13402390"]
[EventDate "2014.05.04"]

1. e4 c5 2. Nf3 d6 3. d4 cxd4 4. Nxd4 Nf6 5. Nc3 a6 6. Be2 e5 7. Nb3 Be7 8. Bg5
Nbd7 9. Qd3 h6 10. Be3 b5 11. a4 b4 12. Nd5 Nxd5 13. Qxd5 Rb8 14. Bc4 O-O 15. a5
Bb7 16. Qd3 Bg5 17. O-O Bxe3 18. fxe3 Qc7 19. Rf3 Rbc8 20. Bxa6 Bxa6 21. Qxa6
Qxc2 22. Rc1 Nc5 23. Rxc2 Nxa6 24. Rff2 1/2-1/2

[Event "Nakhchivan Open 2014"]
[Site "Nakhchivan AZE"]
[Date "2014.05.10"]
[Round "7.8"]
[White "Zhukova, Natalia"]
[Black "Pantsulaia, Levan"]
[Result "0-1"]
[WhiteTitle "GM"]
[BlackTitle "GM"]
[WhiteElo "2459"]
[BlackElo "2573"]
[WhiteFideId "14101513"]
[BlackFideId "13602071"]
[EventDate "2014.05.04"]

1. d4 Nf6 2. c4 c5 3. Nf3 g6 4. Nc3 Bg7 5. e4 O-O 6. d5 e6 7. h3 exd5 8. exd5
Re8+ 9. Be2 d6 10. O-O Bf5 11. Nh4 Bd7 12. Bd3 Ng4 13. Nf3 Ne5 14. Nxe5 Bxe5 15.
Bd2 Na6 16. a3 Qh4 17. Ne4 Bxh3 18. Bg5 Qg4 19. Qxg4 Bxg4 20. Nf6+ Bxf6 21. Bxf6
Be2 22. Bxe2 Rxe2 23. Rfe1 Rae8 24. Rxe2 Rxe2 25. Kf1 Re4 26. f3 Re8 27. b4 Nb8
28. Bh4 Na6 29. Bf6 h6 30. Rb1 b6 31. b5 Nb8 32. a4 Nd7 33. Bc3 g5 34. Kf2 Kh7
35. Ra1 Kg6 36. a5 h5 37. axb6 Nxb6 38. Rxa7 Nxc4 39. Ba5 Rb8 40. Bc7 Rxb5 41.
Ra6 Rb2+ 42. Kg1 Kf5 43. Bxd6 Nxd6 44. Rxd6 Ke5 45. Rd7 f6 46. Rd8 Rb6 0-1

[Event "Nakhchivan Open 2014"]
[Site "Nakhchivan AZE"]
[Date "2014.05.10"]
[Round "7.9"]
[White "Rzayev, Bahruz"]
[Black "Shanava, Konstantine"]
[Result "0-1"]
[WhiteTitle "IM"]
[BlackTitle "GM"]
[WhiteElo "2432"]
[BlackElo "2551"]
[WhiteFideId "13403036"]
[BlackFideId "13601784"]
[EventDate "2014.05.04"]

1. e4 c5 2. Nf3 e6 3. d4 cxd4 4. Nxd4 Nc6 5. Nc3 a6 6. g3 d6 7. Bg2 Bd7 8. O-O
Nf6 9. Be3 Be7 10. f4 O-O 11. Kh1 Rc8 12. g4 Nxd4 13. Bxd4 e5 14. fxe5 Nxg4 15.
Nd5 dxe5 16. Bb6 Qe8 17. h3 Rc6 18. hxg4 Rh6+ 19. Kg1 Rxb6 20. Nxb6 Bc5+ 21. Kh2
Bxb6 22. Qf3 Qc8 23. Kg3 Be6 24. c3 Bd8 25. Bh3 Bg5 26. Kg2 g6 27. b3 Qc5 28.
Rad1 Rc8 29. Rd3 b5 30. Qd1 Qc6 31. Re1 a5 32. Kh1 a4 33. Bg2 axb3 34. axb3 Ra8
35. Bf3 Ra2 36. Qb1 Qa8 37. Rd6 Qa7 38. Rxe6 fxe6 39. Rf1 Bf4 40. Bg2 Rd2 41.
Qe1 Qd7 42. Qh4 Kg7 43. Qe1 Qd8 44. Kg1 Qg5 45. Bh3 h5 46. c4 hxg4 47. Bg2 Be3+ 0-1

[Event "Nakhchivan Open 2014"]
[Site "Nakhchivan AZE"]
[Date "2014.05.10"]
[Round "7.10"]
[White "Paichadze, Luka"]
[Black "Aghasiyev, Kamal"]
[Result "1-0"]
[WhiteTitle "GM"]
[WhiteElo "2535"]
[BlackElo "2405"]
[WhiteFideId "13602934"]
[BlackFideId "13402854"]
[EventDate "2014.05.04"]

1. e4 e5 2. Nc3 Nc6 3. Bc4 Nf6 4. d3 Na5 5. Qf3 d6 6. Nge2 Bg4 7. Qe3 Be7 8. O-O
O-O 9. h3 Nxc4 10. dxc4 Bxe2 11. Nxe2 Nd7 12. Ng3 Nc5 13. b4 Ne6 14. Bb2 b6 15.
Rad1 Qe8 16. Nf5 Bg5 17. Qg3 g6 18. f4 gxf5 19. exf5 exf4 20. Rxf4 Nxf4 21.
Qxg5+ Ng6 22. Bf6 1-0